00381nam a2200157Ia 4500008004100000041000800041082001300049100001700062245004400079260004200123300000800165365000700173500000700180520000700187650002900194230516s9999 xx 000 0 und d aeng a547bVOG aVOGEL ARTHUR aQUANTITATIVE ORGANIC ANALYSIS PART-II bC.B.S. PUBLISHERS & DISTRUTORS c2001 a431 h20 aPB aPC aPHARMACEUTICAL CHEMISTRY